| 000 | 01654cam a2200373 a 4500 | ||
|---|---|---|---|
| 001 | 14301856 | ||
| 005 | 20170105102919.0 | ||
| 008 | 021127s2006 enk b 001 0 eng | ||
| 010 | _a 2006373582 | ||
| 015 | _aGBA3-Z2666 | ||
| 020 | _a1860645615 | ||
| 035 | _a(OCoLC)ocm51483103 | ||
| 040 |
_aUKM _cUKM _dOCLCQ _dBAKER _dBWKUK _dDLC |
||
| 043 |
_aa-ir--- _aa-le--- |
||
| 050 | 0 | 0 |
_aDS274.2.L4 _bC44 2006 |
| 082 | 0 | 4 |
_a327.5505692 _221 |
| 100 | 1 | _aChehabi, H. E. | |
| 245 | 1 | 0 |
_aDistant relations : _bIran and Lebanon in the last 500 years / _cH.E. Chehabi ; with contributions by Rula Jurdi Abisaab ... [et al.]. |
| 260 |
_aOxford : _bCentre for Lebanese Studies ; _aLondon : _bIn association with I.B. Tauris ; _aNew York : _bDistributed by St. Martin's Press, _c2006. |
||
| 300 |
_axiv, 322 p. ; _c24 cm. |
||
| 504 | _aIncludes bibliographical references and index. | ||
| 651 | 0 |
_aIran _xForeign relations _zLebanon. |
|
| 651 | 0 |
_aLebanon _xForeign relations _zIran. |
|
| 651 | 0 |
_aIran _xRelations _zLebanon. |
|
| 651 | 0 |
_aLebanon _xRelations _zIran. |
|
| 700 | 1 | _aAbisaab, Rula Jurdi. | |
| 710 | 2 | _aCentre for Lebanese Studies (Great Britain) | |
| 856 | 4 | 2 |
_3Contributor biographical information _uhttp://www.loc.gov/catdir/enhancements/fy0629/2006373582-b.html |
| 856 | 4 | 2 |
_3Publisher description _uhttp://www.loc.gov/catdir/enhancements/fy0629/2006373582-d.html |
| 856 | 4 | 1 |
_3Table of contents only _uhttp://www.loc.gov/catdir/enhancements/fy0629/2006373582-t.html |
| 906 |
_a7 _bcbc _ccopycat _d2 _encip _f20 _gy-gencatlg |
||
| 942 |
_2ddc _cBK |
||
| 999 |
_c15476 _d15476 |
||